War against God. (Record no. 14218)

000 -LEADER
fixed length control field 00584nam a2200193 a 4500
001 - CONTROL NUMBER
control field :::00012047$&:&@@
003 - CONTROL NUMBER IDENTIFIER
control field OkBaRHE
005 - DATE AND TIME OF LATEST TRANSACTION
control field 20000607103415.0
008 - FIXED-LENGTH DATA ELEMENTS--GENERAL INFORMATION
fixed length control field s1951 j 000 0 eng u
040 ## - CATALOGING SOURCE
Transcribing agency
100 1# - MAIN ENTRY--PERSONAL NAME
Personal name Armstrong, Hart Reid.
245 10 - TITLE STATEMENT
Title War against God.
260 ## - PUBLICATION, DISTRIBUTION, ETC. (IMPRINT)
Place of publication, distribution, etc Springfield, MO., :
Name of publisher, distributor, etc Gospel Publishing House
Date of publication, distribution, etc c1951
300 ## - PHYSICAL DESCRIPTION
Extent 79 p. ;
Dimensions 19 cm.
650 ## - SUBJECT ADDED ENTRY--TOPICAL TERM
Topical term or geographic name as entry element Assemblies of God
General subdivision Sermons
650 ## - SUBJECT ADDED ENTRY--TOPICAL TERM
Topical term or geographic name as entry element Sermons, American
942 ## - ADDED ENTRY ELEMENTS (KOHA)
Source of classification or shelving scheme
Koha item type Books
Copies
Shelving location Date last seen Source of classification or shelving scheme Full call number Withdrawn status Not for loan Barcode Copy number Price effective from Lost status Damaged status Date acquired Permanent Location Koha item type
General Stacks2010-04-14 BX 8769 .Z6A8  1204712010-04-14  2010-04-14RHEMA Bible Training CollegeBooks